Journal of Sukrtindra Oriental Research Institute / (Record no. 90953)

MARC details
000 -LEADER
fixed length control field 00534nam a2200157 4500
005 - DATE AND TIME OF LATEST TRANSACTION
control field 20150121145708.0
008 - FIXED-LENGTH DATA ELEMENTS--GENERAL INFORMATION
fixed length control field 150121b xxu||||| |||| 00| 0 eng d
022 ## - INTERNATIONAL STANDARD SERIAL NUMBER
International Standard Serial Number 2229-3337
040 ## - CATALOGING SOURCE
Original cataloging agency dpl
245 ## - TITLE STATEMENT
Title Journal of Sukrtindra Oriental Research Institute /
Statement of responsibility, etc edited by V. Nithyanantha Bhatt
260 ## - PUBLICATION, DISTRIBUTION, ETC. (IMPRINT)
Place of publication, distribution, etc Kerala
Name of publisher, distributor, etc Sukrtindra Oriental Research Institute
300 ## - PHYSICAL DESCRIPTION
Extent v.
Dimensions 22 cm
310 ## - CURRENT PUBLICATION FREQUENCY
Current publication frequency Half Yearly
270 ## - ADDRESS
Address Kuthapady,Thammanam, Kochi,
City Kerala
Country India
Postal code 682032
Telephone number 0484-2349563
Electronic mail address sukritindra@igmail.com
942 ## - ADDED ENTRY ELEMENTS (KOHA)
Source of classification or shelving scheme Dewey Decimal Classification
Item type English Books
Serial record 1
Holdings
Withdrawn status Lost status Source of classification or shelving scheme Damaged status Not for loan Collection code Home library Current library Date acquired Total Checkouts Date last seen Price effective from Koha item type
    Dewey Decimal Classification   Not For Loan Non-fiction D.B.Act.Division D.B.Act.Division 21/01/2015   21/01/2015 21/01/2015 Periodicals

© Delhi Public Library
Hit Counter
free hit counter